[Event "ODJM B 2024"]
[Site "Willingen GER"]
[Date "2024.05.21"]
[Round "4"]
[White "Pflug, Anton"]
[Black "Wilke, Ronja"]
[Result "1/2-1/2"]
[Termination "normal"]
[Board "52"]
[WhiteElo "1655"]
[BlackElo "1596"]
[WhiteClock "00:28:01"]
[BlackClock "00:47:45"]
[PlyCount "132"]
[WhiteFideId "34611495"]
[BlackFideId "16288378"]
[EventCountry "GER"]
[EventRounds "9"]
[EventType "swiss"]
[EventDate "2024.05.18"]

1. e4 {[%clk 01:30:59]} {[%emt 10:48:33]} c6 {[%clk 01:30:55]} {[%emt
00:00:05]} 2. d4 {[%clk 01:31:25]} {[%emt 00:00:04]} d5 {[%clk 01:31:21]}
{[%emt 00:00:05]} 3. Nd2 {[%clk 01:31:43]} {[%emt 00:00:11]} dxe4 {[%clk
01:31:05]} {[%emt 00:00:46]} 4. Nxe4 {[%clk 01:32:06]} {[%emt 00:00:06]} Bf5
{[%clk 01:31:03]} {[%emt 00:00:33]} 5. Ng3 {[%clk 01:31:18]} {[%emt 00:01:19]}
Bg6 {[%clk 01:27:54]} {[%emt 00:03:38]} 6. Nf3 {[%clk 01:31:43]} {[%emt
00:00:05]} e6 {[%clk 01:27:01]} {[%emt 00:01:24]} 7. Ne5 {[%clk 01:31:13]}
{[%emt 00:00:59]} Ne7 {[%clk 01:26:29]} {[%emt 00:01:02]} 8. h4 {[%clk
01:30:20]} {[%emt 00:01:23]} h6 {[%clk 01:26:18]} {[%emt 00:00:41]} 9. Nxg6
{[%clk 01:30:44]} {[%emt 00:00:06]} Nxg6 {[%clk 01:26:36]} {[%emt 00:00:12]}
10. h5 {[%clk 01:31:10]} {[%emt 00:00:05]} Ne7 {[%clk 01:26:34]} {[%emt
00:00:31]} 11. Be2 {[%clk 01:29:41]} {[%emt 00:01:58]} Nd5 {[%clk 01:25:35]}
{[%emt 00:01:30]} 12. c4 {[%clk 01:25:07]} {[%emt 00:05:05]} Nf6 {[%clk
01:24:45]} {[%emt 00:01:19]} 13. a3 {[%clk 01:25:24]} {[%emt 00:00:13]} Nbd7
{[%clk 01:23:24]} {[%emt 00:01:51]} 14. Qb3 {[%clk 01:23:16]} {[%emt 00:02:38]}
Qb6 {[%clk 01:22:24]} {[%emt 00:01:30]} 15. Qc3 {[%clk 01:23:15]} {[%emt
00:00:31]} c5 {[%clk 01:21:58]} {[%emt 00:00:57]} 16. Be3 {[%clk 01:23:30]}
{[%emt 00:00:14]} cxd4 {[%clk 01:22:06]} {[%emt 00:00:22]} 17. Bxd4 {[%clk
01:23:53]} {[%emt 00:00:07]} Bc5 {[%clk 01:22:23]} {[%emt 00:00:13]} 18. Bxc5
{[%clk 01:23:26]} {[%emt 00:00:57]} Qxc5 {[%clk 01:22:02]} {[%emt 00:00:51]}
19. O-O {[%clk 01:23:25]} {[%emt 00:00:30]} O-O {[%clk 01:21:35]} {[%emt
00:00:57]} 20. b4 {[%clk 01:22:18]} {[%emt 00:01:37]} Qc7 {[%clk 01:20:19]}
{[%emt 00:01:46]} 21. Bf3 {[%clk 01:19:23]} {[%emt 00:03:26]} Rac8 {[%clk
01:18:46]} {[%emt 00:02:03]} 22. Rac1 {[%clk 01:19:46]} {[%emt 00:00:07]} b6
{[%clk 01:18:16]} {[%emt 00:00:59]} 23. Rfe1 {[%clk 01:15:59]} {[%emt
00:04:17]} Ne8 {[%clk 01:13:58]} {[%emt 00:04:49]} 24. Ne4 {[%clk 01:05:01]}
{[%emt 00:11:28]} Ndf6 {[%clk 01:13:17]} {[%emt 00:01:10]} 25. Re3 {[%clk
00:57:13]} {[%emt 00:08:19]} Nxe4 {[%clk 01:09:35]} {[%emt 00:04:11]} 26. Bxe4
{[%clk 00:56:32]} {[%emt 00:01:10]} Nf6 {[%clk 01:08:51]} {[%emt 00:01:15]} 27.
Bf3 {[%clk 00:55:58]} {[%emt 00:01:04]} Qf4 {[%clk 01:04:49]} {[%emt 00:04:33]}
28. c5 {[%clk 00:39:29]} {[%emt 00:16:59]} bxc5 {[%clk 01:04:08]} {[%emt
00:01:10]} 29. bxc5 {[%clk 00:39:51]} {[%emt 00:00:08]} Qa4 {[%clk 01:02:55]}
{[%emt 00:01:44]} 30. Qe5 {[%clk 00:34:54]} {[%emt 00:05:27]} Rfd8 {[%clk
00:58:05]} {[%emt 00:05:19]} 31. Bb7 {[%clk 00:31:12]} {[%emt 00:04:12]} Ng4
{[%clk 00:48:57]} {[%emt 00:09:38]} 32. Qa1 {[%clk 00:25:33]} {[%emt 00:06:09]}
Nxe3 {[%clk 00:47:47]} {[%emt 00:01:39]} 33. Bxc8 {[%clk 00:25:54]} {[%emt
00:00:10]} Rxc8 {[%clk 00:47:53]} {[%emt 00:00:25]} 34. fxe3 {[%clk 00:26:22]}
{[%emt 00:00:01]} Qg4 {[%clk 00:47:38]} {[%emt 00:00:45]} 35. Qe5 {[%clk
00:26:30]} {[%emt 00:00:22]} Qg5 {[%clk 00:46:47]} {[%emt 00:01:20]} 36. Qd4
{[%clk 00:26:35]} {[%emt 00:00:26]} Qd5 {[%clk 00:45:46]} {[%emt 00:01:30]} 37.
g4 {[%clk 00:20:37]} {[%emt 00:06:29]} Kf8 {[%clk 00:41:30]} {[%emt 00:04:46]}
38. Kf2 {[%clk 00:20:11]} {[%emt 00:00:55]} Qa2+ {[%clk 00:41:14]} {[%emt
00:00:47]} 39. Kf3 {[%clk 00:20:22]} {[%emt 00:00:19]} Qxa3 {[%clk 00:41:14]}
{[%emt 00:00:30]} 40. Rc3 {[%clk 00:15:01]} {[%emt 00:05:51]} Qa6 {[%clk
00:40:10]} {[%emt 00:01:33]} 41. c6 {[%clk 00:12:47]} {[%emt 00:02:45]} Qf1+
{[%clk 00:39:04]} {[%emt 00:01:36]} 42. Ke4 {[%clk 00:13:09]} {[%emt 00:00:08]}
Qg2+ {[%clk 00:38:55]} {[%emt 00:00:38]} 43. Ke5 {[%clk 00:12:37]} {[%emt
00:01:04]} Qg3+ {[%clk 00:37:32]} {[%emt 00:01:52]} 44. Qf4 {[%clk 00:12:46]}
{[%emt 00:00:22]} Qxf4+ {[%clk 00:37:53]} {[%emt 00:00:08]} 45. exf4 {[%clk
00:13:14]} {[%emt 00:00:01]} Ke7 {[%clk 00:37:48]} {[%emt 00:00:35]} 46. g5
{[%clk 00:11:11]} {[%emt 00:02:34]} f6+ {[%clk 00:36:10]} {[%emt 00:02:07]} 47.
Ke4 {[%clk 00:11:26]} {[%emt 00:00:16]} f5+ {[%clk 00:35:56]} {[%emt 00:00:44]}
48. Ke5 {[%clk 00:11:52]} {[%emt 00:00:04]} Rd8 {[%clk 00:36:04]} {[%emt
00:00:22]} 49. Rc5 {[%clk 00:12:10]} {[%emt 00:00:12]} Rd5+ {[%clk 00:36:11]}
{[%emt 00:00:23]} 50. Rxd5 {[%clk 00:12:31]} {[%emt 00:00:09]} exd5 {[%clk
00:36:25]} {[%emt 00:00:15]} 51. Kxd5 {[%clk 00:12:23]} {[%emt 00:00:39]} a5
{[%clk 00:36:43]} {[%emt 00:00:12]} 52. Kc5 {[%clk 00:12:38]} {[%emt 00:00:15]}
a4 {[%clk 00:36:38]} {[%emt 00:00:35]} 53. Kb6 {[%clk 00:12:29]} {[%emt
00:00:40]} a3 {[%clk 00:35:13]} {[%emt 00:01:55]} 54. c7 {[%clk 00:12:52]}
{[%emt 00:00:06]} a2 {[%clk 00:35:00]} {[%emt 00:00:43]} 55. c8=Q {[%clk
00:13:13]} {[%emt 00:00:08]} a1=Q {[%clk 00:35:01]} {[%emt 00:00:30]} 56. Qc5+
{[%clk 00:11:20]} {[%emt 00:02:23]} Ke6 {[%clk 00:31:20]} {[%emt 00:04:11]} 57.
Kc7 {[%clk 00:11:34]} {[%emt 00:00:16]} hxg5 {[%clk 00:26:18]} {[%emt
00:05:32]} 58. Qd6+ {[%clk 00:05:47]} {[%emt 00:06:16]} Kf7 {[%clk 00:26:30]}
{[%emt 00:00:19]} 59. Qg6 {[%clk 00:28:51]} {[%emt 00:07:26]} Kg8 {[%clk
00:47:37]} {[%emt 00:09:22]} 60. Qe6+ {[%clk 00:29:13]} {[%emt 00:00:08]} Kf8
{[%clk 00:47:09]} {[%emt 00:00:59]} 61. Qxf5+ {[%clk 00:29:09]} {[%emt
00:00:34]} Qf6 {[%clk 00:47:24]} {[%emt 00:00:14]} 62. Qc5+ {[%clk 00:29:29]}
{[%emt 00:00:10]} Kf7 {[%clk 00:47:01]} {[%emt 00:00:53]} 63. fxg5 {[%clk
00:27:56]} {[%emt 00:02:04]} Qe7+ {[%clk 00:47:10]} {[%emt 00:00:21]} 64. Kc6
{[%clk 00:27:37]} {[%emt 00:00:49]} Qxc5+ {[%clk 00:47:23]} {[%emt 00:00:17]}
65. Kxc5 {[%clk 00:28:04]} {[%emt 00:00:02]} Ke6 {[%clk 00:47:26]} {[%emt
00:00:27]} 66. h6 {[%clk 00:28:01]} {[%emt 00:00:34]} gxh6 {[%clk 00:47:45]}
{[%emt 00:00:12]} 1/2-1/2

[Event "ODJM B 2024"]
[Site "Willingen GER"]
[Date "2024.05.21"]
[Round "4"]
[White "Barthelmes, Venice"]
[Black "Päpke, Aaron"]
[Result "0-1"]
[Termination "normal"]
[Board "53"]
[WhiteElo "1655"]
[BlackElo "1322"]
[WhiteClock "00:22:31"]
[BlackClock "01:07:05"]
[PlyCount "50"]
[WhiteFideId "16261003"]
[BlackFideId "34684930"]
[EventCountry "GER"]
[EventRounds "9"]
[EventType "swiss"]
[EventDate "2024.05.18"]

1. d4 {[%clk 01:30:26]} {[%emt 00:00:33]} Nf6 {[%clk 01:30:42]} {[%emt
00:00:19]} 2. Nf3 {[%clk 01:30:00]} {[%emt 00:00:57]} g6 {[%clk 01:31:01]}
{[%emt 00:00:11]} 3. e3 {[%clk 01:28:45]} {[%emt 00:01:44]} Bg7 {[%clk
01:31:12]} {[%emt 00:00:19]} 4. Bd3 {[%clk 01:28:23]} {[%emt 00:00:52]} O-O
{[%clk 01:31:28]} {[%emt 00:00:14]} 5. O-O {[%clk 01:28:19]} {[%emt 00:00:34]}
d6 {[%clk 01:31:46]} {[%emt 00:00:13]} 6. Nbd2 {[%clk 01:27:48]} {[%emt
00:01:01]} Nbd7 {[%clk 01:31:23]} {[%emt 00:00:52]} 7. Re1 {[%clk 01:27:16]}
{[%emt 00:01:02]} b6 {[%clk 01:29:07]} {[%emt 00:02:47]} 8. e4 {[%clk
01:25:44]} {[%emt 00:02:01]} e5 {[%clk 01:27:29]} {[%emt 00:02:07]} 9. d5
{[%clk 01:25:22]} {[%emt 00:00:53]} Nc5 {[%clk 01:27:22]} {[%emt 00:00:37]} 10.
Nf1 {[%clk 01:22:19]} {[%emt 00:03:34]} a5 {[%clk 01:25:10]} {[%emt 00:02:42]}
11. c4 {[%clk 01:19:09]} {[%emt 00:03:39]} a4 {[%clk 01:23:39]} {[%emt
00:02:01]} 12. Ne3 {[%clk 01:15:47]} {[%emt 00:03:52]} Nfxe4 {[%clk 01:22:21]}
{[%emt 00:01:48]} 13. Bxe4 {[%clk 01:13:38]} {[%emt 00:02:39]} Nxe4 {[%clk
01:22:43]} {[%emt 00:00:09]} 14. Nc2 {[%clk 01:09:24]} {[%emt 00:04:44]} Nc5
{[%clk 01:22:47]} {[%emt 00:00:26]} 15. Nb4 {[%clk 01:02:32]} {[%emt 00:07:21]}
Bg4 {[%clk 01:21:15]} {[%emt 00:02:01]} 16. h3 {[%clk 01:00:58]} {[%emt
00:02:05]} Bxf3 {[%clk 01:21:39]} {[%emt 00:00:06]} 17. Qxf3 {[%clk 01:01:08]}
{[%emt 00:00:20]} e4 {[%clk 01:22:00]} {[%emt 00:00:10]} 18. Qe2 {[%clk
00:55:18]} {[%emt 00:06:20]} a3 {[%clk 01:21:09]} {[%emt 00:01:21]} 19. Rb1
{[%clk 00:51:58]} {[%emt 00:03:49]} axb2 {[%clk 01:20:20]} {[%emt 00:01:19]}
20. Bxb2 {[%clk 00:52:01]} {[%emt 00:00:27]} Bxb2 {[%clk 01:20:36]} {[%emt
00:00:14]} 21. Qxb2 {[%clk 00:50:10]} {[%emt 00:02:21]} Ra4 {[%clk 01:19:10]}
{[%emt 00:01:56]} 22. Nc6 {[%clk 00:45:47]} {[%emt 00:04:53]} Qd7 {[%clk
01:18:58]} {[%emt 00:00:42]} 23. Qc2 {[%clk 00:31:08]} {[%emt 00:15:08]} Rfa8
{[%clk 01:15:06]} {[%emt 00:04:24]} 24. Re2 {[%clk 00:26:54]} {[%emt 00:04:43]}
f5 {[%clk 01:10:28]} {[%emt 00:05:08]} 25. Qd2 {[%clk 00:22:31]} {[%emt
00:04:53]} Rxc4 {[%clk 01:07:05]} {[%emt 00:03:54]} 0-1

[Event "ODJM B 2024"]
[Site "Willingen GER"]
[Date "2024.05.21"]
[Round "4"]
[White "Greiner, Jan Oluf"]
[Black "Foos, Vanessa"]
[Result "0-1"]
[Termination "normal"]
[Board "54"]
[WhiteElo "1634"]
[BlackElo "1588"]
[WhiteClock "00:29:50"]
[BlackClock "00:40:26"]
[PlyCount "132"]
[WhiteFideId "34632069"]
[BlackFideId "16245270"]
[EventCountry "GER"]
[EventRounds "9"]
[EventType "swiss"]
[EventDate "2024.05.18"]

1. e4 {[%clk 01:30:57]} {[%emt 00:00:03]} c5 {[%clk 01:30:55]} {[%emt
00:00:05]} 2. Nf3 {[%clk 01:31:21]} {[%emt 00:00:06]} Nc6 {[%clk 01:31:20]}
{[%emt 00:00:05]} 3. Bb5 {[%clk 01:31:44]} {[%emt 00:00:07]} a6 {[%clk
01:30:50]} {[%emt 00:01:00]} 4. Bxc6 {[%clk 01:31:28]} {[%emt 00:00:46]} bxc6
{[%clk 01:30:30]} {[%emt 00:00:50]} 5. Nc3 {[%clk 01:31:24]} {[%emt 00:00:34]}
d5 {[%clk 01:26:41]} {[%emt 00:04:19]} 6. d4 {[%clk 01:26:15]} {[%emt
00:05:39]} e6 {[%clk 01:25:00]} {[%emt 00:02:11]} 7. Be3 {[%clk 01:25:08]}
{[%emt 00:01:36]} c4 {[%clk 01:24:16]} {[%emt 00:01:15]} 8. O-O {[%clk
01:21:12]} {[%emt 00:04:25]} Bb4 {[%clk 01:20:59]} {[%emt 00:03:47]} 9. exd5
{[%clk 01:19:16]} {[%emt 00:02:26]} cxd5 {[%clk 01:14:22]} {[%emt 00:07:08]}
10. Bd2 {[%clk 01:14:53]} {[%emt 00:04:53]} Nf6 {[%clk 01:12:19]} {[%emt
00:02:32]} 11. a3 {[%clk 01:15:15]} {[%emt 00:00:09]} Bxc3 {[%clk 01:10:35]}
{[%emt 00:02:14]} 12. Bxc3 {[%clk 01:15:26]} {[%emt 00:00:18]} Rb8 {[%clk
01:10:00]} {[%emt 00:01:05]} 13. Ne5 {[%clk 01:11:37]} {[%emt 00:04:19]} Bd7
{[%clk 01:06:35]} {[%emt 00:03:56]} 14. Rb1 {[%clk 01:08:42]} {[%emt 00:03:21]}
O-O {[%clk 01:03:56]} {[%emt 00:03:13]} 15. Bb4 {[%clk 01:04:37]} {[%emt
00:04:34]} Re8 {[%clk 01:04:16]} {[%emt 00:00:10]} 16. Qf3 {[%clk 01:04:46]}
{[%emt 00:00:15]} a5 {[%clk 00:56:48]} {[%emt 00:08:05]} 17. Bd2 {[%clk
01:01:40]} {[%emt 00:03:32]} Bb5 {[%clk 00:47:27]} {[%emt 00:09:54]} 18. c3
{[%clk 00:58:25]} {[%emt 00:03:45]} Qc7 {[%clk 00:41:23]} {[%emt 00:06:34]} 19.
Bf4 {[%clk 00:51:23]} {[%emt 00:07:29]} Qb7 {[%clk 00:34:52]} {[%emt 00:07:04]}
20. b3 {[%clk 00:39:35]} {[%emt 00:12:18]} cxb3 {[%clk 00:30:53]} {[%emt
00:04:29]} 21. Rxb3 {[%clk 00:36:30]} {[%emt 00:03:35]} Qa6 {[%clk 00:28:59]}
{[%emt 00:02:24]} 22. Rfb1 {[%clk 00:32:43]} {[%emt 00:04:16]} Be2 {[%clk
00:25:21]} {[%emt 00:04:09]} 23. Qe3 {[%clk 00:30:00]} {[%emt 00:03:12]} Rxb3
{[%clk 00:24:59]} {[%emt 00:00:54]} 24. Rxb3 {[%clk 00:30:21]} {[%emt
00:00:08]} Bc4 {[%clk 00:20:34]} {[%emt 00:04:56]} 25. Rb1 {[%clk 00:21:59]}
{[%emt 00:08:50]} a4 {[%clk 00:18:47]} {[%emt 00:02:19]} 26. Qd2 {[%clk
00:18:09]} {[%emt 00:04:12]} Ne4 {[%clk 00:17:29]} {[%emt 00:01:55]} 27. Qb2
{[%clk 00:14:43]} {[%emt 00:03:54]} Bb3 {[%clk 00:17:37]} {[%emt 00:00:25]} 28.
f3 {[%clk 00:11:28]} {[%emt 00:03:41]} Nf6 {[%clk 00:17:17]} {[%emt 00:00:53]}
29. Bg5 {[%clk 00:09:26]} {[%emt 00:02:29]} Qb5 {[%clk 00:10:43]} {[%emt
00:07:08]} 30. Qd2 {[%clk 00:04:15]} {[%emt 00:05:39]} Nd7 {[%clk 00:10:36]}
{[%emt 00:00:39]} 31. Nd3 {[%clk 00:04:21]} {[%emt 00:00:23]} Nb6 {[%clk
00:10:31]} {[%emt 00:00:35]} 32. Nc1 {[%clk 00:02:32]} {[%emt 00:02:19]} Nc4
{[%clk 00:10:22]} {[%emt 00:00:39]} 33. Qe2 {[%clk 00:02:16]} {[%emt 00:00:47]}
Rb8 {[%clk 00:08:28]} {[%emt 00:02:24]} 34. Bf4 {[%clk 00:01:36]} {[%emt
00:01:09]} Nxa3 {[%clk 00:06:47]} {[%emt 00:02:11]} 35. Bxb8 {[%clk 00:00:32]}
{[%emt 00:01:34]} Qxe2 {[%clk 00:07:11]} {[%emt 00:00:07]} 36. Nxe2 {[%clk
00:01:00]} {[%emt 00:00:02]} Nxb1 {[%clk 00:07:26]} {[%emt 00:00:14]} 37. Bd6
{[%emt 00:01:01]} a3 {[%clk 00:07:36]} {[%emt 00:00:18]} 38. Nc1 {[%clk
00:00:31]} {[%emt 00:00:30]} Bc4 {[%clk 00:07:44]} {[%emt 00:00:22]} 39. Bxa3
{[%clk 00:00:34]} {[%emt 00:00:28]} Nxa3 {[%clk 00:08:09]} {[%emt 00:00:05]}
40. Kf2 {[%clk 00:00:42]} {[%emt 00:00:22]} Nb1 {[%clk 00:08:33]} {[%emt
00:00:05]} 41. Ke3 {[%clk 00:00:32]} {[%emt 00:00:40]} Nxc3 {[%clk 00:08:53]}
{[%emt 00:00:10]} 42. g4 {[%clk 00:26:20]} {[%emt 00:04:40]} g5 {[%clk
00:38:21]} {[%emt 00:01:05]} 43. Kd2 {[%clk 00:25:20]} {[%emt 00:01:28]} Nb5
{[%clk 00:38:35]} {[%emt 00:00:18]} 44. Ke3 {[%clk 00:25:29]} {[%emt 00:00:20]}
f5 {[%clk 00:38:50]} {[%emt 00:00:15]} 45. gxf5 {[%clk 00:25:13]} {[%emt
00:00:46]} exf5 {[%clk 00:39:16]} {[%emt 00:00:05]} 46. h3 {[%clk 00:24:23]}
{[%emt 00:01:20]} f4+ {[%clk 00:39:41]} {[%emt 00:00:05]} 47. Kf2 {[%clk
00:24:23]} {[%emt 00:00:29]} Nxd4 {[%clk 00:40:05]} {[%emt 00:00:07]} 48. Kg2
{[%clk 00:24:35]} {[%emt 00:00:16]} Ne2 {[%clk 00:39:29]} {[%emt 00:01:07]} 49.
Nxe2 {[%clk 00:24:56]} {[%emt 00:00:09]} Bxe2 {[%clk 00:39:56]} {[%emt
00:00:03]} 50. Kf2 {[%clk 00:25:18]} {[%emt 00:00:08]} Bc4 {[%clk 00:40:13]}
{[%emt 00:00:14]} 51. Ke1 {[%clk 00:25:36]} {[%emt 00:00:11]} d4 {[%clk
00:40:40]} {[%emt 00:00:03]} 52. Kf2 {[%clk 00:25:42]} {[%emt 00:00:24]} d3
{[%clk 00:40:45]} {[%emt 00:00:25]} 53. Ke1 {[%clk 00:26:06]} {[%emt 00:00:06]}
Bb3 {[%clk 00:40:54]} {[%emt 00:00:21]} 54. Kd2 {[%clk 00:26:22]} {[%emt
00:00:13]} Bc2 {[%clk 00:41:18]} {[%emt 00:00:08]} 55. Ke1 {[%clk 00:26:43]}
{[%emt 00:00:07]} Kf7 {[%clk 00:41:26]} {[%emt 00:00:23]} 56. Kd2 {[%clk
00:27:07]} {[%emt 00:00:07]} Ke6 {[%clk 00:41:50]} {[%emt 00:00:06]} 57. Ke1
{[%clk 00:27:28]} {[%emt 00:00:08]} Kd5 {[%clk 00:42:06]} {[%emt 00:00:15]} 58.
Kd2 {[%clk 00:27:53]} {[%emt 00:00:04]} Kd4 {[%clk 00:42:25]} {[%emt 00:00:12]}
59. h4 {[%clk 00:28:08]} {[%emt 00:00:14]} gxh4 {[%clk 00:42:24]} {[%emt
00:00:31]} 60. Ke1 {[%clk 00:28:18]} {[%emt 00:00:21]} Ke3 {[%clk 00:42:30]}
{[%emt 00:00:23]} 61. Kf1 {[%clk 00:28:35]} {[%emt 00:00:13]} d2 {[%clk
00:42:43]} {[%emt 00:00:16]} 62. Kg2 {[%clk 00:28:53]} {[%emt 00:00:13]} d1=Q
{[%clk 00:42:28]} {[%emt 00:00:45]} 63. Kh2 {[%clk 00:29:10]} {[%emt 00:00:13]}
Qe2+ {[%clk 00:42:35]} {[%emt 00:00:22]} 64. Kh1 {[%clk 00:29:23]} {[%emt
00:00:17]} Qxf3+ {[%clk 00:42:50]} {[%emt 00:00:15]} 65. Kh2 {[%clk 00:29:29]}
{[%emt 00:00:24]} Qf2+ {[%clk 00:43:15]} {[%emt 00:00:05]} 66. Kh1 {[%clk
00:29:50]} {[%emt 00:00:09]} Be4# {[%clk 00:40:26]} {[%emt 00:00:10]} 0-1

[Event "ODJM B 2024"]
[Site "Willingen GER"]
[Date "2024.05.21"]
[Round "4"]
[White "Fischer, Quirin"]
[Black "Gendzelevsky, Stefan"]
[Result "1/2-1/2"]
[Termination "normal"]
[Board "55"]
[WhiteElo "1636"]
[BlackElo "1628"]
[WhiteClock "01:17:05"]
[BlackClock "00:19:00"]
[PlyCount "87"]
[WhiteFideId "34623787"]
[BlackFideId "34637672"]
[EventCountry "GER"]
[EventRounds "9"]
[EventType "swiss"]
[EventDate "2024.05.18"]

1. c4 {[%clk 01:30:30]} {[%emt 00:00:30]} c5 {[%clk 01:30:54]} {[%emt
00:00:06]} 2. Nc3 {[%clk 01:30:24]} {[%emt 00:00:36]} Nf6 {[%clk 01:31:16]}
{[%emt 00:00:08]} 3. Nf3 {[%clk 01:30:09]} {[%emt 00:00:44]} d5 {[%clk
01:31:35]} {[%emt 00:00:12]} 4. cxd5 {[%clk 01:29:58]} {[%emt 00:00:41]} Nxd5
{[%clk 01:31:56]} {[%emt 00:00:10]} 5. g3 {[%clk 01:30:03]} {[%emt 00:00:24]}
Nc6 {[%clk 01:32:12]} {[%emt 00:00:13]} 6. Bg2 {[%clk 01:30:13]} {[%emt
00:00:20]} Nc7 {[%clk 01:32:29]} {[%emt 00:00:14]} 7. d3 {[%clk 01:29:52]}
{[%emt 00:00:51]} g6 {[%clk 01:32:45]} {[%emt 00:00:14]} 8. Bf4 {[%clk
01:29:49]} {[%emt 00:00:33]} Bg7 {[%clk 01:32:54]} {[%emt 00:00:21]} 9. O-O
{[%clk 01:29:34]} {[%emt 00:00:45]} e5 {[%clk 01:31:11]} {[%emt 00:02:12]} 10.
Be3 {[%clk 01:29:40]} {[%emt 00:00:24]} Nd4 {[%clk 01:31:19]} {[%emt 00:00:23]}
11. Qd2 {[%clk 01:28:53]} {[%emt 00:01:16]} Nxf3+ {[%clk 01:25:04]} {[%emt
00:06:45]} 12. Bxf3 {[%clk 01:28:57]} {[%emt 00:00:26]} Ne6 {[%clk 01:25:14]}
{[%emt 00:00:20]} 13. Bh6 {[%clk 01:29:00]} {[%emt 00:00:28]} O-O {[%clk
01:25:15]} {[%emt 00:00:29]} 14. Bxg7 {[%clk 01:28:58]} {[%emt 00:00:32]} Kxg7
{[%clk 01:25:33]} {[%emt 00:00:11]} 15. Rac1 {[%clk 01:28:33]} {[%emt
00:00:56]} Nd4 {[%clk 01:24:54]} {[%emt 00:01:10]} 16. Bg2 {[%clk 01:28:40]}
{[%emt 00:00:22]} c4 {[%clk 01:23:39]} {[%emt 00:01:45]} 17. Nd5 {[%clk
01:28:24]} {[%emt 00:00:46]} Bg4 {[%clk 01:19:33]} {[%emt 00:04:36]} 18. f3
{[%clk 01:27:30]} {[%emt 00:01:25]} Bxf3 {[%clk 01:18:59]} {[%emt 00:01:04]}
19. Bxf3 {[%clk 01:27:21]} {[%emt 00:00:38]} Nxf3+ {[%clk 01:19:19]} {[%emt
00:00:10]} 20. Rxf3 {[%clk 01:27:23]} {[%emt 00:00:29]} Qxd5 {[%clk 01:19:36]}
{[%emt 00:00:12]} 21. Rxc4 {[%clk 01:27:17]} {[%emt 00:00:36]} Rfd8 {[%clk
01:17:00]} {[%emt 00:03:05]} 22. Qc3 {[%clk 01:26:51]} {[%emt 00:00:57]} Qe6
{[%clk 01:10:14]} {[%emt 00:07:15]} 23. Rc7 {[%clk 01:26:40]} {[%emt 00:00:42]}
Rf8 {[%clk 00:46:45]} {[%emt 00:23:57]} 24. Rxb7 {[%clk 01:25:15]} {[%emt
00:01:57]} Rac8 {[%clk 00:46:24]} {[%emt 00:00:50]} 25. Qb3 {[%clk 01:25:16]}
{[%emt 00:00:24]} Rc1+ {[%clk 00:44:38]} {[%emt 00:02:21]} 26. Kg2 {[%clk
01:24:06]} {[%emt 00:01:41]} Qxb3 {[%clk 00:44:25]} {[%emt 00:00:43]} 27. Rxb3
{[%clk 01:24:25]} {[%emt 00:00:11]} Rc2 {[%clk 00:44:26]} {[%emt 00:00:29]} 28.
Kf2 {[%clk 01:24:35]} {[%emt 00:00:20]} f5 {[%clk 00:43:31]} {[%emt 00:01:24]}
29. g4 {[%clk 01:23:21]} {[%emt 00:01:44]} f4 {[%clk 00:41:49]} {[%emt
00:02:12]} 30. Rh3 {[%clk 01:22:06]} {[%emt 00:01:43]} Rf7 {[%clk 00:41:10]}
{[%emt 00:01:12]} 31. Rf3 {[%clk 01:21:42]} {[%emt 00:00:54]} Kh6 {[%clk
00:41:10]} {[%emt 00:00:30]} 32. h4 {[%clk 01:21:44]} {[%emt 00:00:26]} Rfc7
{[%clk 00:39:40]} {[%emt 00:02:02]} 33. d4 {[%clk 01:19:51]} {[%emt 00:02:23]}
R7c4 {[%clk 00:36:25]} {[%emt 00:03:44]} 34. Rfd3 {[%clk 01:15:15]} {[%emt
00:05:06]} e4 {[%clk 00:31:13]} {[%emt 00:05:43]} 35. Rdc3 {[%clk 01:15:35]}
{[%emt 00:00:10]} R4xc3 {[%clk 00:29:57]} {[%emt 00:01:46]} 36. Rxc3 {[%clk
01:15:57]} {[%emt 00:00:08]} Rd2 {[%clk 00:29:38]} {[%emt 00:00:49]} 37. Ra3
{[%clk 01:16:02]} {[%emt 00:00:25]} a6 {[%clk 00:29:10]} {[%emt 00:00:59]} 38.
Rxa6 {[%clk 01:16:10]} {[%emt 00:00:21]} f3 {[%clk 00:29:30]} {[%emt 00:00:10]}
39. d5 {[%clk 01:16:00]} {[%emt 00:00:41]} Rxe2+ {[%clk 00:29:53]} {[%emt
00:00:06]} 40. Kf1 {[%clk 01:16:25]} {[%emt 00:00:05]} e3 {[%clk 00:30:03]}
{[%emt 00:00:21]} 41. Rf6 {[%clk 01:16:22]} {[%emt 00:00:30]} Rf2+ {[%clk
00:30:21]} {[%emt 00:00:14]} 42. Ke1 {[%clk 01:16:47]} {[%emt 00:00:05]} Kg7
{[%clk 00:21:17]} {[%emt 00:09:33]} 43. Re6 {[%clk 01:16:59]} {[%emt 00:00:18]}
Re2+ {[%clk 00:19:00]} {[%emt 00:02:48]} 44. Kf1 {[%clk 01:17:05]} {[%emt
00:00:22]} 1/2-1/2